000 00511nam a2200193 a 4500
005 20140310183517.0
008 110108s19uu xx 00 eng d
020 _a9780415998970
050 _aPN 4784.F37
_b.G37 2010
100 _aGarrisono, Bruce
245 _aProfessional feature writing /
_cBruce Garrisono.
250 _a5th ed.
260 _aNew York :
_bRotledge,
_c2010.
300 _a418 p. :
_c26 cm.
521 _aMC
650 _aFeature writing.
942 _cBK
_2lcc
_kFOR
999 _c24326
_d24326